00732cam a2200205 a 4500001000800000005001700008008004100025040001800066082002300084100001300107245007100120260003000191300002400221500014000245650001400385650001300399942000600412952009500418999001300513382112220231205003645.0850816r19851880ii abf b 001 0aeng  aDLCcDLCdDLC 222a305.5.bV BA.1 aBall, V.10aTribal and peasant life in nineteenth century India /cby V. Ball. aNew Delhi :bUsha,c1985. axv, 720 p., [13] p. aReprint. Originally published: Jungle life in India, or, The journeys and journals of an Indian geologist. London : T. De La Rue, 1880. 0aEthnology 0aPeasants cL 001040708LaWERCLbWERCLd2023-12-05l0o305.5. V BA.p2003r2023-12-05w2023-12-05yL c141d141